Participación en políticas de empleo, salarios y formación profesional

Guardado en:
Bibliografiske detaljer
Hovedforfatter: Zepeda López, Raúl Anselmo
Format: Texto
Tags: Tilføj Tag
Ingen Tags, Vær først til at tagge denne postø!

MARC

LEADER 00000 a a2200000 04500
001 21396
003
040
090 |a 094100  
100 |a Zepeda López, Raúl Anselmo  
245 |a Participación en políticas de empleo, salarios y formación profesional  
300 |a 23 p.  
999 |c 13734  |d 13734